000
00475nam a2200169Ia 4500
008
090711s9999 xx 000 0 und d
082
_b
40840
100
_a
शहा सुरेखा
245
_a
वळवाSया धारा
260
_c
1979
300
_a
94
600
_a
शहा सुरेखा
630
_a
वळवाSया धारा
700
_a
शहा सुरेखा
730
_a
वळवाSया धारा
942
_c
BOOK
999
_c
293975
_d
293975